| 000 | 00468nam a2200157 a 4500 | ||
|---|---|---|---|
| 001 | 9359 | ||
| 003 | CO-ViMGA | ||
| 008 | 141112s2004 ck r 000 u spa d | ||
| 040 |
_aCO-ViMGA _bspa _cCO-ViMGA |
||
| 082 | 0 | 4 | _a928.6 C118r |
| 245 | 1 | 0 | _aRafael Ortiz Gonzalez Gloria de las letras de Colombia y de Santander |
| 260 |
_aSantafé de Bogotá, _cEditorial Kelly, _c1991 |
||
| 300 | _a77 p. | ||
| 650 | 1 | 4 |
_aORTIZ GONZALEZ, RAFAEL, 1911 - 1990 _910159 |
| 942 |
_2ddc _cBK |
||
| 999 |
_c20884 _d20884 |
||